书目信息 |
| 题名: |
美国对外政策的政治学
|
|
| 作者: | 罗赛蒂 , 罗赛蒂 著€ | |
| 分册: | ||
| 出版信息: | 北京 世界知识出版社 1997.1 |
|
| 页数: | 559页 | |
| 开本: | 32开 | |
| 丛书名: | ||
| 单 册: | ||
| 中图分类: | D871.20 | |
| 科图分类: | ||
| 主题词: | 外交 , 外交关系 , 国际关系 | |
| 电子资源: | ||
| ISBN: | 7-5012-0821-2 | |
| 000 | 00649nam0 2200229 45 | |
| 001 | 0003230817 | |
| 005 | 20031219104044.3 | |
| 010 | @a7-5012-0821-2@dCNY22.00 | |
| 100 | @a20000323d1997 km y0chiy0120 ea | |
| 101 | @achi | |
| 105 | @a z 000yy | |
| 200 | 1 | @a美国对外政策的政治学@f(美)罗赛蒂著;周启明...[等]译@F(Mei)Luo Sai Di Zhu;Zhou Qi Ming...[Deng]Yi |
| 210 | @a北京@c世界知识出版社@d1997.1 | |
| 215 | @a559页@d32开 | |
| 606 | 0 | @a外交 |
| 606 | 0 | @a外交关系 |
| 606 | 0 | @a国际关系 |
| 690 | @aD871.20@v1 | |
| 701 | @a罗赛蒂@4著€@a周启明@4译 | |
| 701 | 0 | @a罗赛蒂@4著 |
| 801 | @aCN@bTSTC@c20000323 | |
| 905 | @f3@b276935-937@dD871.20@e25 | |
| 美国对外政策的政治学/(美)罗赛蒂著;周启明...[等]译.-北京:世界知识出版社,1997.1 |
| 559页;32开 |
| ISBN 7-5012-0821-2:CNY22.00 |
| ● |
| 相关链接 |
|
|
|
|
正题名:美国对外政策的政治学
索取号:D871.20/25
 
预约/预借
| 序号 | 登录号 | 条形码 | 馆藏地/架位号 | 状态 | 备注 |
| 1 | 0276935 | 001499774 | 第一借阅区/ [索取号:D871.20/25] | 在馆 | |
| 2 | 0276936 | 001504250 | 第一借阅区/ [索取号:D871.20/25] | 在馆 | |
| 3 | 0276937 | 001495796 | 第一样本阅览室/ [索取号:D871.20/25] | 在馆 |